000 00440nam a2200181Ia 4500
001 24499
005 20260414151047.0
008 260414t2016||||xx |||||||||||||| ||spa||
041 _aESP
082 _a345.71
_bG86
100 _aGuerra Cerrón, María Elena
_eAUT
245 0 _aSistema de protección cautelar
_b
260 _c2016
300 _a254 páginas :
_c25 cm.
650 _aDER
654 _aCDE
942 _cLIB
_dJUS
_fJUS
_2ddc
_n
999 _c24499
_d24499